000 02660nam a22003737i 4500
001 B-12210
003 CO-BoFNCP
007 t||
008 090820s2009 ck r spa d
040 _aCO-BoFNCP
_bspa
_cCO-BoFNCP
_erda
041 _aspa
043 _ack
084 _aA-
100 1 _aMorales, Leidy C.
_948565,
_eautor.
_4aut
245 1 0 _aExperiencias en el manejo integrado de la pudrición del cogollo (PC) de la palma de aceite, en la Zona Central Colombiana.
264 1 _aPalmira :
_bAscolfi,
_c2009.
300 _apáginas 57-61 :
_bTablas, gráficos, fotografías.
336 _atexto
_btxt
_2rdacontent
337 _asin mediación
_bn
_2rdamedia
338 _avolumen
_bnc
_2rdacarrier
504 _aIncluye referencias bibliográficas.
520 _aSe presentan los resultados de la experiencia de la implementación de un plan de manejo integrado de la pudrición de cogollo de la palma de aceite en la Zona Central en Colombia, en una plantación comercial, donde se incorporó en este plan el diagnóstico temprano usando la escala de evaluación de la severidad de 1 a 5, desarrollada por Cenipalma, que considera el porcentaje de área afectada en la flecha más joven de más de 30 cm de largo. Se identificaron 90 palmas en grados 3 y 4. Se adelantó un programa de aspersión con dos mezclas diferentes de productos para el control del Phytophthora sp., a todas las palmas en evaluación a intervalos de una o dos semanas, según la precipitación prevalente y a la eliminación del tejido afectado en los grados 3 y 4, antes del programa de aspersiones. Los resultados muestran la importancia de actuar en los estados más tempranos. En las intervenciones en grados de severidad 1 y 2 se logró mayor recuperación las palmas tratadas con Metalaxil + Kazugamicina, que a las palmas tratadas con Carbendazim + Kazugamicina y ambos tratamientos fueron mejores que las plantas control. En los grados 3 y 4 la tendencia fue similar pero la capacidad de recuperación de las palmas fue más baja. La implementación de un plan de manejo integrado de la enfermedad es una opción viable, cuando se tienen incidencias relativamente bajas y se actúa prontamente.
650 0 _aManejo integrado de plagas
_930521.
650 0 _aPudrición del cogollo
_930852.
650 0 _aPalma de aceite
_937678.
700 1 _aMartínez L., Gerardo
_933358.
700 1 _aSarria, Greicy A.
_941330.
700 1 _aTorres, Gabriel A.
_941331.
700 1 _aVarón, Francia
_941332.
773 0 _aFitopatología Colombiana
_gv. 32, no. 2 (Febrero 2009), p.57-61
_wA-
_x0120-0143
942 _2z
_c1
999 _c26558
_d26558
999 _z1